000 00853nam a2200253Ia 4500
003 OSt
005 20220923215500.0
006 a|||||r|||| 00| 0
007 ta
008 220922b |||||||| |||| 00| 0 hin d
024 _a179,176
037 _cTextual
040 _aARTS
_cARTS
_bhin
041 _2hin
_ahin
082 _aO152,1M96x, L3
100 _aत्रिपाठी, सूर्यकान्त, निराला
245 0 _aअर्चना
246 _aArchanā
260 _aइलाहाबाद
_b लोकभारती प्रकाशन
_c1973
300 _a121 पृ.
_ccm.
650 _aहिन्दी साहित्य
_9156264
942 _hO152,1M96x, L3
_cTEXL
_2CC
999 _c332557
_d332557